| 000 | 01592cam a22003257a 4500 | ||
|---|---|---|---|
| 001 | 17000562 | ||
| 003 | NUST | ||
| 005 | 20230130115146.0 | ||
| 008 | 111014s2008 mau b 001 0 eng | ||
| 010 | _a 2011284651 | ||
| 015 |
_aGBA797739 _2bnb |
||
| 016 | 7 |
_a014458843 _2Uk |
|
| 020 | _a9781598694703 (pbk.) | ||
| 020 | _a1598694707 (pbk.) | ||
| 035 | _a(OCoLC)ocn182663975 | ||
| 040 |
_aUKM _cUKM _dBAKER _dQBX _dVP@ _dCLE _dAU@ _dDLC |
||
| 042 |
_aukblcatcopy _alccopycat |
||
| 050 | 0 | 0 |
_aPN145 _b.P455 2008 |
| 082 | 0 | 4 |
_a808.02019,PET _222 |
| 100 | 1 |
_aPeterson, Karen E. _9108023 |
|
| 245 | 1 | 4 |
_aThe write type : _bdiscover your true writer's identity and create a customized writing plan / _cKaren E. Peterson. |
| 260 |
_aAvon, Mass. : _bAdams Media, _cc2008. |
||
| 300 |
_aviii, 247 p. ; _c19 cm. |
||
| 505 | _aWhat kind of writer are you? (Page-)1, Committed or conflicted? (Page-11), Hyped or mellow? (Page-39), Organized or chaotic ? (Page-63), Daily or deadline? (Page-85), Lunch hour or log cabin? (Page-105), A.M OR P.M (Page-123), Alone or at Starbucks (Page-143), Sequential or consequential? (Page-159), Single project or many? (Page-179), Private writer or published Author? (Page-179), The writer's dilemma: (Page-219), Author's note (Page-227), Your writer type (Page-229), Prevailing over the perils of publication (Page-231). | ||
| 650 | 0 |
_aAuthorship _xPsychological aspects. _9108024 |
|
| 650 | 0 |
_aAuthorship. _911474 |
|
| 906 |
_a7 _bcbc _ccopycat _d2 _encip _f20 _gy-gencatlg |
||
| 942 |
_2ddc _cBK _k808.02019,PET |
||
| 999 |
_c593046 _d593046 |
||